Teoría y práctica de la información jurídica

Αποθηκεύτηκε σε:
Λεπτομέρειες βιβλιογραφικής εγγραφής
Κύριος συγγραφέας: Fueyo Laneri, Fernando (autor)
Μορφή: Βιβλίο
Γλώσσα:Ισπανικά
Έκδοση: Sao Paulo José Bushatsky 1977
Σειρά:Colecao Jurídica, 9
Θέματα:
Ετικέτες: Προσθήκη ετικέτας
Δεν υπάρχουν, Καταχωρήστε ετικέτα πρώτοι!

MARC

LEADER 00000nam a2200000 a 4500
001 UCU2153
003 CL-VaPUC
008 960419e19770000BL |||||||||||||||||spa|d
082 0 4 |a 340.11  |b FUE  |2 21 
100 |a Fueyo Laneri, Fernando   |e autor  |9 887462 
245 1 0 |a Teoría y práctica de la información jurídica 
300 |a 185 p 
942 |c BK 
945 |d 19960419 00:00:00  |a rleighto 
260 |a Sao Paulo  |b José Bushatsky  |c 1977 
650 0 |a Información  |9 256927 
650 0 |a Organización  |9 256369 
650 7 |a TECNICAS DE INVESTIGACION  |2 CL-VaPUC  |9 358132 
650 7 |a DIFUSION DE LA INFORMACION  |2 CL-VaPUC  |9 337810 
650 7 |a LEGISLACION  |2 CL-VaPUC  |9 358133 
650 0 |a Investigación científica  |9 259857 
583 |a last modification  |c 19960419 00:00:00  |k Rodrigo Vera 
490 0 |a Colecao Jurídica, 9 
999 |c 246530  |d 246528 
952 |0 0  |1 0  |4 0  |6 340_110000000000000_FUE_1977  |7 0  |8 DER_TF  |9 261595  |a BIBDER  |b BIBDER  |d 2019-11-19  |i 3189635  |o 340.11 FUE 1977  |p 3189635  |r 2023-01-25  |w 2019-11-19  |x Ubicación 4to Piso  |y BK  |z Estos recursos deben solicitarse con anticipación  |k DER 
952 |0 0  |1 0  |4 0  |6 340_110000000000000_FUE_1977  |7 0  |8 A  |9 261596  |a BIBDER  |b BIBDER  |d 2019-11-19  |i 3189643  |o 340.11 FUE 1977  |p 3189643  |r 2023-01-25  |w 2019-11-19  |y BK  |k DER